<?xml version="1.0" encoding="UTF-8"?>
<record
    xmlns:xsi="http://www.w3.org/2001/XMLSchema-instance"
    xsi:schemaLocation="http://www.loc.gov/MARC21/slim http://www.loc.gov/standards/marcxml/schema/MARC21slim.xsd"
    xmlns="http://www.loc.gov/MARC21/slim">

  <leader>00654    a2200193   4500</leader>
  <controlfield tag="001">216222714</controlfield>
  <controlfield tag="003">UA-OsUOA</controlfield>
  <controlfield tag="005">20220912150359.0</controlfield>
  <controlfield tag="008">220825b        un ||||| |||| 00| 0 ukr d</controlfield>
  <datafield tag="040" ind1=" " ind2=" ">
    <subfield code="a">UA-OsUOA</subfield>
    <subfield code="b">ukr</subfield>
    <subfield code="c">UA-OsUOA</subfield>
    <subfield code="d">UA-OsUOA</subfield>
  </datafield>
  <datafield tag="041" ind1=" " ind2=" ">
    <subfield code="a">ukr</subfield>
  </datafield>
  <datafield tag="080" ind1=" " ind2=" ">
    <subfield code="a">09:050</subfield>
  </datafield>
  <datafield tag="090" ind1=" " ind2=" ">
    <subfield code="a">09:050</subfield>
    <subfield code="b">&#x41A;17</subfield>
  </datafield>
  <datafield tag="245" ind1=" " ind2=" ">
    <subfield code="a">&#x41A;&#x430;&#x43B;&#x435;&#x43D;&#x434;&#x430;&#x440; &#x41F;&#x440;&#x43E;&#x432;&#x438;&#x434;&#x456;&#x43D;&#x43D;&#x44F; </subfield>
    <subfield code="c">&#x443;&#x43B;&#x43E;&#x436;. &#x41E;. &#x41D;&#x430;&#x437;&#x430;&#x440;&#x443;&#x43A;</subfield>
    <subfield code="n">1927, 1945, 1946, 1947, 1948, 1949, 1950 </subfield>
  </datafield>
  <datafield tag="650" ind1=" " ind2=" ">
    <subfield code="2">UDC </subfield>
    <subfield code="a">050 &#x41F;&#x435;&#x440;&#x456;&#x43E;&#x434;&#x438;&#x43A;&#x430;</subfield>
  </datafield>
  <datafield tag="942" ind1=" " ind2=" ">
    <subfield code="c">MG</subfield>
    <subfield code="2">udc</subfield>
  </datafield>
  <datafield tag="955" ind1=" " ind2=" ">
    <subfield code="a">0</subfield>
  </datafield>
  <datafield tag="999" ind1=" " ind2=" ">
    <subfield code="c">573015</subfield>
    <subfield code="d">573015</subfield>
  </datafield>
  <datafield tag="952" ind1=" " ind2=" ">
    <subfield code="0">0</subfield>
    <subfield code="1">0</subfield>
    <subfield code="2">udc</subfield>
    <subfield code="4">0</subfield>
    <subfield code="7">0</subfield>
    <subfield code="8">C_CDIIMU</subfield>
    <subfield code="a">300</subfield>
    <subfield code="b">300</subfield>
    <subfield code="d">2022-08-25</subfield>
    <subfield code="e">&#x410;&#x43A;&#x442; &#x43D;&#x430;&#x434;&#x445;&#x43E;&#x434;&#x436;&#x435;&#x43D;&#x43D;&#x44F; &#x2116; 5 (25.08.2022, &#x41F;&#x435;&#x440;&#x456;&#x43E;&#x434;&#x438;&#x43A;&#x430; &#x430;&#x443;&#x434;.34)</subfield>
    <subfield code="g">1.00</subfield>
    <subfield code="l">0</subfield>
    <subfield code="o">09:050 &#x41A;17</subfield>
    <subfield code="p">216222714</subfield>
    <subfield code="r">2022-08-25 00:00:00</subfield>
    <subfield code="w">2022-08-25</subfield>
    <subfield code="y">MG</subfield>
  </datafield>
</record>
